00969nac a22002177a 450000500170000000800410001704000270005804100080008504400070009310000310010024500790013126000540021030000420026449000680030650501710037465000420054565000460058765000500063370000360068370000320071920150811161741.0150811b2014 ck |||||r|||| 00| 0 spa d aCO-BoIAVH cCO-BoIAVH 0 aspa ack1 aRentería Maturana, Elmer1 aCocinar conservandobmanual para la construcción de fogones ahorraleña3 aBogotá (Colombia):bFundación MarViva,c2014. a28 cm.bfotografías, color.c21 cm. aProyecto Incentivos a la Conservación, caso piloto Pacífico aMateriales y herramientas para construir el fogón ahorraleña. El paso a paso para construir un fogón ahorraleña. Recomendaciones de uso y cuidado del fogón. 6aConservación de ecosistemasvManual 6aProducto forestalvManualxConservación 6aMateriales de construcciónvManualxFogón1 aMurillo Palacios, Jorge Enrique1 aTavera Escobar, Héctor A.